| Tag |
First Indicator |
Second Indicator |
Subfields |
| LEADER |
00000cas a2200000 a 4500 |
| 001 |
in00001069585 |
| 005 |
20150929095801.0 |
| 008 |
880519d19881988txumr p s0uuu 0eng d |
| 035 |
|
|
|a (OCoLC)17974725
|
| 035 |
|
|
|9 AFN6581AM
|
| 040 |
|
|
|a IKM
|c IKM
|d OCL
|d IKM
|d UtOrBLW
|
| 049 |
|
|
|a IKMD
|
| 086 |
|
|
|a H600.6 R315
|2 txdocs
|
| 099 |
|
9 |
|a H600.6
|a R315
|
| 245 |
0 |
0 |
|a Retrovirus perspectives.
|
| 264 |
|
1 |
|a [Austin, Tex.] :
|b AIDS Division, Texas Dept. of Health,
|c 1988-
|
| 300 |
|
|
|a volumes :
|b illustrations ;
|c 28 cm.
|
| 310 |
|
|
|a Monthly
|
| 336 |
|
|
|a text
|b txt
|2 rdacontent
|
| 337 |
|
|
|a unmediated
|b n
|2 rdamedia
|
| 338 |
|
|
|a volume
|b nc
|2 rdacarrier
|
| 362 |
0 |
|
|a Vol. 1, no. 1-
|
| 500 |
|
|
|a Caption title.
|
| 650 |
|
0 |
|a AIDS (Disease)
|z Texas
|x Periodicals.
|
| 650 |
|
0 |
|a Retrovirus infections
|z Texas
|x Periodicals.
|
| 710 |
1 |
|
|a Texas.
|b Department of Health.
|
| 710 |
1 |
|
|a Texas.
|b AIDS Division.
|
| 785 |
0 |
0 |
|t HIV prevention news
|w (OCoLC)18898631
|
| 999 |
|
|
|a MARS
|
| 999 |
f |
f |
|s fa3ff744-23f5-376e-b595-3fb28b857ba7
|i 998fb1e8-a2e4-36f7-ab8b-b6f45275539e
|t 0
|
| 952 |
f |
f |
|p normal
|a Texas A&M University
|b College Station
|c Sterling C. Evans Library
|d Evans: Texas Documents (Annex 5th floor)
|t 0
|e H600.6 R315
|h Superintendent of Documents classification
|i unmediated -- volume
|k v.1:no.1
|l 1988
|m A14819201775
|
| 998 |
f |
f |
|a H600.6 R315
|t 0
|l Evans: Texas Documents (Annex 5th floor)
|